00623nam a22001697a 4500008004100000040001800041041000800059100002800067245009000095260005200185300002300237490004800260500006200308650002500370650002100395700003700416130821s1928 xxu gr eng  aCo-BoUCMbspa00aeng aJoyce, Jamesd1882-194102aAportrait of the artist as a young mancBy James Joyce, introduction by Herbert Joyce aNueva York (Estados Unidos)bRandom Housec1928 axii, 299 páginas aThe Modern Library of the Worlds Best Books aEste libro se encuentra en el depósito de la Biblioteca04aLiteratura irlandesa04aNovela irlandesa aGorman, Herbert., Introducción